Mechanics (Record no. 297)

MARC details
000 -LEADER
Fixed length control field 00405nam a22001697a 4500
003 - CONTROL NUMBER IDENTIFIER
Control field SEACOMMC
005 - DATE AND TIME OF LATEST TRANSACTION
Control field 20231109053717.0
008 - FIXED-LENGTH DATA ELEMENTS--GENERAL INFORMATION
Fixed length control field 231109b |||||||| |||| 00| 0 eng d
020 ## - INTERNATIONAL STANDARD BOOK NUMBER / ISBN
Price Rs. 199.00
040 ## - CATALOGING SOURCE
Original cataloging agency SEACOMMC
082 ## - DEWEY DECIMAL CLASSIFICATION NUMBER
Classification number 531
Book Number SHA
100 1# - MAIN ENTRY--PERSONAL NAME
Personal name Sharma, D.P.
245 1# - TITLE STATEMENT
Title Mechanics
Sub title problems and solutions
Statement of responsibility D.P. Sharma
260 ## - IMPRINT
Place of publication Delhi
Name of publisher Pearson
Date of publication 2005
650 ## - SUBJECT ADDED ENTRY--TOPICAL TERM
Topical term Physics
942 ## - ADDED ENTRY ELEMENTS (KOHA)
Koha item type Books
Holdings
Withdrawn status Lost status Source of classification Damaged status Not for loan Home library Current library Date acquired Total Checkouts Call number Accession number Date last seen Price effective from Koha item type
    Dewey Decimal Classification     SEACOM MANAGEMENT COLLEGE SEACOM MANAGEMENT COLLEGE 07/09/2006   531 SHA 05470 09/11/2023 09/11/2023 Books
© Seacom Engineering College, All rights reserved.    Powered by Koha